000 01224nam a2200361 i 4500
001 13905
003 KOSZ 005
005 20220314124305.0
008 070608s1971 pl f 001 0 pol
015 _aPB 1971/7533
035 _a(OCoLC)830905173
040 _aWA N
_cWA N
_dKOSZ 005/KK
_dKOSZ 005/HR
046 _k1971
080 _a347.5(438)
100 1 _aGarlicki, Stanisław
_d(1902-1972)
_eAutor
245 1 0 _aOdpowiedzialność cywilna za nieszczęśliwe wypadki /
_cStanisław Garlicki.
250 _aWydanie 2.
260 _aWarszawa :
_bWydawnictwo Prawnicze,
_c1971.
300 _a555, [1] stron ;
_c23 cm.
336 _2rdacontent
_aTekst
_btxt
337 _2rdamedia
_aBez urządzenia pośredniczącego
_bn
338 _2rdacarrier
_aWolumin
_bnc
380 _aKsiążki.
388 _a1901-2000
388 _a1945-1989
504 _aBibliografia na stronach 508-521. Indeks.
650 4 _aOdpowiedzialność cywilna
650 4 _aWypadki
658 _aPrawo i wymiar sprawiedliwości
710 2 _aWydawnictwo Prawnicze
_4pbl.
856 _uhttp://koha.tu.koszalin.pl/cgi-bin/koha/opac-detail.pl?biblionumber=13905
_yKatalog online BPK
942 _2UKD
_cKS
999 _c13905
_d13905